[Event "34th Leon Blitz Open 2021"]
[Site "chess.com INT"]
[Date "2021.07.07"]
[Round "9"]
[White "Gorodetzky, David"]
[Black "Tejedor Fuente, Enrique"]
[Result "1-0"]
[WhiteTitle "IM"]
[BlackTitle "IM"]
[WhiteElo "2496"]
[BlackElo "2434"]
[WhiteFideId "2813416"]
[BlackFideId "2299100"]
[EventDate "2021.07.07"]

1. Nf3 d5 2. b3 c5 3. e3 a6 4. Bb2 Nc6 5. g3 f6 6. d4 cxd4 7. exd4 Bg4 8. Bg2
Nh6 9. h3 Be6 10. O-O g6 11. Re1 Qd7 12. Kh2 Bg7 13. c4 O-O 14. Nc3 Bf7 15. Nxd5
Bxd5 16. cxd5 Nb4 17. d6 Qxd6 18. Ba3 a5 19. Qe2 Nf5 20. Rad1 Rac8 21. d5 Rfd8
22. Rd2 Rd7 23. Qe4 Rc3 24. Kg1 Qb6 25. g4 Nh6 26. Bxb4 Qxb4 27. Qe6+ Nf7 28.
Qxd7 Rxf3 29. Rde2 Ne5 30. Qc8+ Bf8 31. Qe6+ Kg7 32. Rxe5 fxe5 33. Qxe5+ Rf6 34.
g5 Kg8 35. gxf6 exf6 36. Qe4 Qc3 37. Qe6+ Kg7 38. Rd1 Bc5 39. d6 Qg3 40. Qe7+
Kh6 41. Qe2 Qf4 42. Qd2 Qxd2 43. Rxd2 Bb6 44. d7 Bd8 45. Re2 Kg5 46. Re8 Bb6 47.
d8=Q Bxd8 48. Rxd8 a4 49. bxa4 1-0

[Event "34th Leon Blitz Open 2021"]
[Site "chess.com INT"]
[Date "2021.07.07"]
[Round "9"]
[White "Navarro Segura, Roberto"]
[Black "Filip, Lucian-Ioan"]
[Result "0-1"]
[WhiteTitle "IM"]
[BlackTitle "IM"]
[WhiteElo "2123"]
[BlackElo "2431"]
[WhiteFideId "5100364"]
[BlackFideId "1208900"]
[EventDate "2021.07.07"]

1. e4 c5 2. Nf3 e6 3. d4 cxd4 4. Nxd4 Nc6 5. c4 Nf6 6. Nc3 Bb4 7. Nxc6 bxc6 8.
Bd3 e5 9. O-O O-O 10. Bg5 h6 11. Bh4 Be7 12. b3 d6 13. Bg3 Bg4 14. f3 Be6 15. c5
Nh5 16. cxd6 Qxd6 17. Bf2 Nf4 18. Ba6 Qb4 19. Qc2 Bc5 20. Rad1 Rad8 21. Na4 Rxd1
22. Rxd1 Bxf2+ 23. Qxf2 Qa5 24. Bb7 Rd8 25. Rxd8+ Qxd8 26. Bxc6 Qd1+ 27. Qf1 Qd2
28. Bb5 Qxa2 29. Nc5 Bxb3 30. g3 Ne6 31. Nd7 Qb2 32. Qe2 Qd4+ 33. Kg2 a6 34. Bc6
Bc4 35. Qc2 Qd6 36. Ba4 Bb5 37. Qc8+ Kh7 38. Bxb5 axb5 39. Nb8 b4 40. Qb7 Nd4 0-1

[Event "34th Leon Blitz Open 2021"]
[Site "chess.com INT"]
[Date "2021.07.07"]
[Round "9"]
[White "Vallejo Diaz, Javier"]
[Black "Lopez Idarraga, Daniel Eduardo"]
[Result "1/2-1/2"]
[WhiteTitle "FM"]
[BlackTitle "FM"]
[WhiteElo "2365"]
[BlackElo "2009"]
[WhiteFideId "2256398"]
[BlackFideId "4405501"]
[EventDate "2021.07.07"]

1. d4 d5 2. Nf3 Nf6 3. Bf4 c5 4. e3 Nc6 5. c3 Qb6 6. Qc1 Bf5 7. Nbd2 h6 8. h3 e6
9. Be2 Be7 10. O-O O-O 11. Ne5 Nxe5 12. Bxe5 Rac8 13. dxc5 Bxc5 14. Bxf6 gxf6
15. Nb3 Bd6 16. e4 dxe4 17. Qxh6 Bg6 18. Bh5 Bxh5 19. Qxh5 Rfd8 20. Qg4+ Kf8 21.
Qxe4 Qc6 22. Qxc6 Rxc6 23. Rfd1 Rb6 24. Rd2 Ke7 25. Rad1 Rc8 26. Nd4 Rc5 27. g3
a5 28. h4 a4 29. a3 f5 30. f4 Rd5 31. Kg2 Bc5 32. Nf3 Rxb2 33. Rxb2 Rxd1 34.
Rxb7+ Kf6 35. Ne5 Be7 36. h5 Rd8 37. Kf3 Rd1 38. g4 fxg4+ 39. Nxg4+ Kg7 40. Rxe7
Rd3+ 41. Ke4 Rxc3 42. Ne5 Kh6 43. Rxf7 Rxa3 44. Rf6+ Kxh5 45. Rxe6 Rb3 46. Re8
Rb4+ 47. Kf5 Kh4 48. Rh8+ Kg3 49. Rg8+ Kh4 50. Ke6 Rb6+ 51. Kd5 a3 52. f5 Ra6
53. Rg1 a2 54. Ra1 Kg5 55. Nc4 Kxf5 56. Kc5 Ke4 57. Kb4 Kd3 58. Na3 Rb6+ 59. Nb5
Ra6 60. Kb3 Rb6 61. Kb4 Ra6 62. Nc3 Rb6+ 63. Kc5 Kxc3 64. Kxb6 Kb2 65. Rxa2+
Kxa2 1/2-1/2

[Event "34th Leon Blitz Open 2021"]
[Site "chess.com INT"]
[Date "2021.07.07"]
[Round "9"]
[White "Llorens Sepulveda, Marcelo"]
[Black "Mikhnenko, Alexander"]
[Result "0-1"]
[WhiteTitle "FM"]
[BlackTitle "CM"]
[WhiteElo "2257"]
[BlackElo "2065"]
[WhiteFideId "3400999"]
[BlackFideId "34143014"]
[EventDate "2021.07.07"]

1. e4 c5 2. Nf3 e6 3. c3 d5 4. e5 d4 5. Bc4 Nc6 6. O-O dxc3 7. bxc3 Nge7 8. d4
cxd4 9. cxd4 Nd5 10. Ng5 Be7 11. Ne4 O-O 12. Re1 a6 13. a4 Bd7 14. Na3 Rc8 15.
Rb1 Na5 16. Bxd5 exd5 17. Nd6 Bxd6 18. exd6 Bf5 19. Rb2 Qxd6 20. Rbe2 Be6 21.
Re3 Nc4 22. Rg3 Rfe8 23. h4 Bf5 24. h5 Rxe1+ 25. Qxe1 Qe6 26. Qd1 Nxa3 27. Bxa3
Bc2 28. Qc1 Bxa4 29. Qg5 g6 30. Re3 Qf5 31. Qxf5 gxf5 32. h6 Re8 33. Rg3+ Kh8
34. Rg7 Re1+ 35. Kh2 Re6 36. Bc1 Rf6 37. Kg1 Be8 38. Bf4 Rg6 39. Be5 Rxg7 40.
hxg7+ Kg8 41. Kf1 b5 42. Ke2 b4 43. Kd3 Bb5+ 44. Kd2 a5 45. Kc2 a4 46. Kb2 Bc4
47. g3 a3+ 48. Kc2 b3+ 49. Kc3 b2 50. Kc2 Bd3+ 0-1

[Event "34th Leon Blitz Open 2021"]
[Site "chess.com INT"]
[Date "2021.07.07"]
[Round "9"]
[White "Vazquez, Facundo"]
[Black "Kamsky, Gata"]
[Result "0-1"]
[WhiteTitle "CM"]
[BlackTitle "GM"]
[WhiteElo "2199"]
[BlackElo "2658"]
[WhiteFideId "3007669"]
[BlackFideId "2000024"]
[EventDate "2021.07.07"]

1. d4 Nf6 2. c4 e6 3. Nf3 b6 4. g3 a5 5. Bg2 Ba6 6. b3 c6 7. O-O d5 8. Ne5 Bd6
9. Qc2 O-O 10. Bb2 Bb7 11. Rd1 Nbd7 12. Nd2 Qe7 13. Nxd7 Qxd7 14. e4 Bb4 15. e5
Ne8 16. Nf3 Be7 17. h4 h6 18. Bc1 a4 19. Bf4 axb3 20. axb3 Nc7 21. Rxa8 Rxa8 22.
Nh2 Bf8 23. Ng4 Ne8 24. Bh3 Qe7 25. h5 c5 26. Bg2 dxc4 27. Bxb7 Qxb7 28. bxc4
cxd4 29. Rxd4 Qf3 30. Ne3 Ra1+ 31. Rd1 Rxd1+ 32. Nxd1 Qxh5 33. Kg2 Qg6 34. Qe2
Qb1 35. Nc3 Qb3 36. Ne4 Qa4 37. Qd3 Qc6 38. Kh2 Be7 39. Nd6 Bxd6 40. exd6 Nf6
41. Qe2 Nd7 42. Qd3 e5 43. Be3 h5 44. Qf5 Qxd6 45. Qxh5 Qe6 46. Qd1 f6 47. Qb3
Kf7 48. Qb5 g5 49. c5 bxc5 50. Bxc5 Qd5 51. Qb1 Qxc5 52. Qh7+ Ke6 53. Qg8+ Kd6
54. Qf7 0-1

[Event "34th Leon Blitz Open 2021"]
[Site "chess.com INT"]
[Date "2021.07.07"]
[Round "9"]
[White "Djordjevic, Dejan N"]
[Black "Primbetov, Kazbek"]
[Result "0-1"]
[WhiteTitle "FM"]
[BlackTitle "FM"]
[WhiteElo "2144"]
[BlackElo "2207"]
[WhiteFideId "913316"]
[BlackFideId "13702297"]
[EventDate "2021.07.07"]

1. e4 e6 2. d3 d5 3. Nd2 Nc6 4. Ngf3 Nf6 5. e5 Nd7 6. d4 f6 7. exf6 Qxf6 8. c3
Bd6 9. Bd3 O-O 10. O-O e5 11. dxe5 Ndxe5 12. Nxe5 Qxe5 13. g3 Bh3 14. Re1 Qf6
15. f4 Bc5+ 16. Kh1 Bf2 17. Qh5 g6 18. Qxh3 Bxe1 19. Nf3 Bf2 20. Ng5 h5 21. Qg2
Bb6 22. Qxd5+ Kh8 23. Qe4 Rae8 24. Qxg6 Qxg6 25. Bxg6 Re1+ 26. Kg2 Be3 27. Bxe3
Rxa1 28. a3 Rf6 29. Bxh5 Ra2 30. Bc1 Ra1 31. Be3 Kg7 32. b4 a6 33. f5 Rxa3 34.
Ne6+ Kg8 35. g4 Rxc3 36. Bg5 Rf7 37. Bxf7+ Kxf7 38. Nxc7 Nxb4 39. Ne6 a5 40. h4
a4 41. Bh6 a3 42. Bg7 Nd5 43. Bxc3 Nxc3 44. Nd4 a2 45. Nb3 Ne4 46. Kf3 Nd2+ 47.
Nxd2 a1=Q 48. Ne4 Qe5 49. h5 b5 50. h6 b4 51. Ke3 b3 52. g5 Qxe4+ 53. Kxe4 b2
54. Ke5 b1=Q 55. g6+ Kg8 56. Kf6 Qb6+ 57. Kg5 Qe3+ 58. Kh5 Qh3+ 59. Kg5 Qg3+ 60.
Kh5 Qf4 0-1

[Event "34th Leon Blitz Open 2021"]
[Site "chess.com INT"]
[Date "2021.07.07"]
[Round "9"]
[White "Nguyen, Ngoc Truong Son"]
[Black "Maltsevskaya, Aleksandra"]
[Result "1-0"]
[WhiteTitle "GM"]
[BlackTitle "WGM"]
[WhiteElo "2641"]
[BlackElo "2382"]
[WhiteFideId "12401110"]
[BlackFideId "24174041"]
[EventDate "2021.07.07"]

1. d4 Nf6 2. Nf3 g6 3. c4 Bg7 4. Nc3 d6 5. e4 O-O 6. Be2 e5 7. d5 a5 8. Be3 Ng4
9. Bd2 f5 10. exf5 gxf5 11. h3 Nf6 12. Qc2 Na6 13. g4 e4 14. Nd4 Nb4 15. Qb1 Re8
16. gxf5 Nfxd5 17. Rg1 e3 18. Bxe3 Nxe3 19. fxe3 Rxe3 20. Kd2 Qh4 21. Rxg7+ Kxg7
22. Kxe3 Qg5+ 23. Kf3 c5 24. Qg1 Qxg1 25. Rxg1+ Kf6 26. Ndb5 Bxf5 27. Nxd6 Bxh3
28. Nde4+ Ke5 29. Nxc5 Rf8+ 30. Ke3 Bf5 31. Nxb7 Rb8 32. Bf3 Na6 33. b3 Nb4 34.
Nxa5 Nc2+ 35. Kd2 Nd4 36. Nc6+ Nxc6 37. Bxc6 h5 38. Rg5 Rd8+ 39. Ke2 Kf4 40. Rg1
Bg4+ 41. Ke1 h4 42. Nd5+ Kf3 43. Nf6+ Ke3 44. Nxg4+ Kf4 45. Nf2 Ke3 46. Rg4 1-0

[Event "34th Leon Blitz Open 2021"]
[Site "chess.com INT"]
[Date "2021.07.07"]
[Round "9"]
[White "Estrada Nieto, Julian"]
[Black "Gallegos Diaz, Carlos Alberto"]
[Result "1-0"]
[WhiteTitle "IM"]
[BlackTitle "IM"]
[WhiteElo "2280"]
[BlackElo "2374"]
[WhiteFideId "5101018"]
[BlackFideId "3900886"]
[EventDate "2021.07.07"]

1. e4 d6 2. d4 Nf6 3. Nc3 c6 4. a4 Qa5 5. Bd2 e5 6. d5 Qc7 7. Bg5 Nbd7 8. a5 Be7
9. Nf3 cxd5 10. exd5 O-O 11. Be2 Re8 12. O-O h6 13. Nb5 Qb8 14. Be3 Ng4 15. Bd2
e4 16. Nfd4 Ndf6 17. c4 Bf8 18. Bf4 a6 19. Nc3 Qa7 20. Na4 Ne5 21. Nb6 Rb8 22.
h3 Ned7 23. Be3 Nxb6 24. axb6 Qa8 25. Nb5 axb5 26. Rxa8 Rxa8 27. cxb5 Bd7 28.
Bd4 Be7 29. Qd2 Rec8 30. Rc1 Bd8 31. Rxc8 Rxc8 32. Bf1 Bf5 33. g3 Bd7 34. Qf4
Be7 35. Bxf6 gxf6 36. Qxe4 Bf8 37. b3 f5 38. Qe3 Bg7 39. Bc4 Kh7 40. Qe7 Bxb5
41. Bxb5 Rc2 42. Qxb7 Bd4 43. Qxf7+ Kh8 44. Qf8+ Kh7 45. Qxf5+ 1-0

[Event "34th Leon Blitz Open 2021"]
[Site "chess.com INT"]
[Date "2021.07.07"]
[Round "9"]
[White "Szente Varga, Fruzsina"]
[Black "Yen, William"]
[Result "1/2-1/2"]
[WhiteTitle "WFM"]
[WhiteElo "2100"]
[BlackElo "2056"]
[WhiteFideId "712264"]
[BlackFideId "30932025"]
[EventDate "2021.07.07"]

1. e4 c6 2. d4 d5 3. Nc3 g6 4. e5 f6 5. f4 Bg7 6. Nf3 Bg4 7. Be2 Nh6 8. O-O O-O
9. h3 Bxf3 10. Rxf3 Nf5 11. g4 Nh4 12. Rf1 fxe5 13. fxe5 e6 14. Be3 Nd7 15. Qd2
c5 16. Bg5 Qb6 17. Bxh4 cxd4 18. Na4 Qc6 19. Qxd4 Nxe5 20. Qb4 a5 21. Qb3 Nc4
22. Rxf8+ Rxf8 23. Rf1 Rxf1+ 24. Bxf1 b5 25. Nc3 b4 26. Bxc4 dxc4 27. Qa4 Qc5+
28. Bf2 Bd4 29. Qe8+ Kg7 30. Ne4 Bxf2+ 31. Nxf2 Qd4 32. Qxe6 Qxb2 33. Qe7+ Kh6
34. g5+ Kh5 35. Qxh7+ Kxg5 36. Qe7+ Kh6 37. Qe3+ Kh7 38. Qe4 Qxa2 39. Ng4 Qa1+
40. Kg2 Qg7 41. Qxc4 Qb7+ 42. Kg3 a4 43. Nf6+ Kg7 44. Qd4 Qc7+ 45. Kf2 Qf7 46.
Qxb4 Qxf6+ 47. Kg2 Qg5+ 48. Kf2 Qf5+ 49. Kg3 Qxc2 50. Qe7+ Kg8 51. Qe8+ Kg7 52.
Qe7+ Kh6 53. Qh4+ Kg7 54. Qe7+ 1/2-1/2

[Event "34th Leon Blitz Open 2021"]
[Site "chess.com INT"]
[Date "2021.07.07"]
[Round "9"]
[White "Gabrielian, Artur"]
[Black "Iskusnyh, Sergei"]
[Result "1-0"]
[WhiteTitle "GM"]
[BlackTitle "GM"]
[WhiteElo "2460"]
[BlackElo "2473"]
[WhiteFideId "4131002"]
[BlackFideId "4120027"]
[EventDate "2021.07.07"]

1. e4 e6 2. d4 d5 3. Nd2 c5 4. Ngf3 Nc6 5. exd5 exd5 6. Bb5 cxd4 7. O-O Bd6 8.
Nb3 Ne7 9. Nbxd4 O-O 10. Re1 Bg4 11. Be2 Qd7 12. c3 Rad8 13. Bg5 h6 14. Bh4 Rde8
15. Bg3 Bc5 16. h3 Bh5 17. Ne5 Nxe5 18. Bxh5 N7c6 19. Nxc6 Nxc6 20. Bg4 Qd8 21.
Bf3 Rxe1+ 22. Qxe1 Qg5 23. Kh2 d4 24. Rd1 dxc3 25. Qxc3 Bb6 26. Rd7 Qf5 27. Rxb7
Nd4 28. Bg4 Qe4 29. Rd7 Ne2 30. Bxe2 Qxe2 31. Rd2 Qe6 32. a4 Rc8 33. Qd3 Qc4 34.
b3 Qc3 35. Rd1 Qc2 36. Qf3 Rc3 37. Qg4 Qxb3 38. Rd7 Qe6 39. Qxe6 fxe6 40. Rxg7+
Kxg7 41. Be5+ Kg6 42. Bxc3 h5 43. Kg3 Kf5 44. Kf3 e5 45. g4+ hxg4+ 46. hxg4+ Ke6
47. Bd2 a6 48. Be3 Bc7 49. Ke4 Bd6 50. f3 Bc7 51. Bd2 Bd6 52. Bc3 Bc7 53. g5 Bd6
54. g6 Kf6 55. Bxe5+ Bxe5 56. g7 Kxg7 57. Kxe5 a5 58. Kd5 1-0

[Event "34th Leon Blitz Open 2021"]
[Site "chess.com INT"]
[Date "2021.07.07"]
[Round "9"]
[White "Rosenberg, Evan S"]
[Black "Arias, Juan Cruz"]
[Result "0-1"]
[BlackTitle "CM"]
[WhiteElo "2125"]
[BlackElo "2277"]
[WhiteFideId "2019299"]
[BlackFideId "118540"]
[EventDate "2021.07.07"]

1. Nf3 b6 2. e4 Bb7 3. Nc3 e6 4. d4 Bb4 5. Bd3 Nf6 6. Qe2 d5 7. e5 Ne4 8. Bxe4
dxe4 9. Ng5 Qxd4 10. O-O Qxe5 11. f4 Qa5 12. Ncxe4 h6 13. Nf3 O-O 14. c3 Be7 15.
Ne5 Qd5 16. Ng3 Nc6 17. Nxc6 Bxc6 18. Rf2 Rad8 19. Be3 Bc5 20. Bxc5 Qxc5 21. Re1
Rfe8 22. Ne4 Bxe4 23. Qxe4 Rd2 24. Re2 Red8 25. h4 Rxe2 26. Qxe2 Qd5 27. Kh2
Qxa2 28. f5 Qd5 29. fxe6 Qxe6 30. Qf3 Qd6+ 31. g3 Qe6 32. Qf4 Rd7 33. Qf3 g6 34.
Re2 Qd5 35. Qe3 Kg7 36. Rf2 Qe6 37. Qf4 Re7 38. Qf3 c5 39. Qf4 Qe5 40. Qf3 h5
41. b4 cxb4 42. cxb4 a5 43. bxa5 bxa5 44. Ra2 Qc5 45. Qa3 Qxa3 46. Rxa3 Ra7 47.
Kg2 Kf6 48. Kf3 Ke5 49. Ke3 Kd5 50. Kd3 Kc5 51. Kc3 Kb5 52. Kb3 Re7 53. Ka2 Re2+
54. Ka1 a4 55. Rf3 f5 56. Rd3 Re4 57. Ka2 Rg4 58. Ka3 f4 59. gxf4 Rxh4 60. Rd6
Rxf4 61. Rxg6 h4 62. Rh6 Kc5 63. Rh5+ Kd6 64. Rh6+ Ke5 65. Rh5+ Kf6 66. Rh8 Kg5
67. Rg8+ Kf5 68. Rh8 Ke4 69. Kxa4 Kf3+ 70. Kb3 Kg2 71. Kc3 h3 72. Kd3 h2 73. Ke3
Rg4 0-1

[Event "34th Leon Blitz Open 2021"]
[Site "chess.com INT"]
[Date "2021.07.07"]
[Round "9"]
[White "Henderson de La Fuente, Lance"]
[Black "Lysyj, Igor"]
[Result "0-1"]
[WhiteTitle "GM"]
[BlackTitle "GM"]
[WhiteElo "2491"]
[BlackElo "2605"]
[WhiteFideId "32096585"]
[BlackFideId "4150120"]
[EventDate "2021.07.07"]

1. e4 e5 2. Nf3 Nc6 3. Bb5 a6 4. Bxc6 dxc6 5. O-O Qf6 6. d4 exd4 7. Qxd4 Qxd4 8.
Nxd4 Bd7 9. Nc3 O-O-O 10. Be3 Ne7 11. Rfd1 Ng6 12. f3 f6 13. Kf2 h5 14. Nde2 Bd6
15. g3 h4 16. Kg2 f5 17. Bf2 Rde8 18. Nd4 fxe4 19. Nxe4 Be7 20. Re1 c5 21. Nb3
b6 22. Nbd2 Bc6 23. Re2 Rhf8 24. Rae1 Rf5 25. Kg1 Ref8 26. f4 Bd8 27. Nf3 hxg3
28. hxg3 Rh5 29. Kg2 Rfh8 30. Bg1 Bd7 31. Neg5 Bg4 32. Re8 Rxe8 33. Rxe8 Rh8 34.
Rxh8 Nxh8 35. Ne5 Bd1 36. c3 Bf6 37. Ne6 Bc2 38. a3 Be4+ 39. Kf1 Bd5 40. Ng5
Bxe5 41. fxe5 Kd7 42. Be3 Ng6 43. Bf4 Nf8 44. Kf2 a5 45. Ke3 a4 46. Kd3 b5 47.
Ke3 Ng6 48. Kd3 Ne7 49. Ke3 Nc6 50. Kf2 Na5 51. e6+ Bxe6 52. Bxc7 Nc4 53. Bb8
Nxb2 54. Ba7 Bf5 55. Ke3 Kc6 56. Kf4 g6 57. Nf7 Nd3+ 58. Kg5 Kd5 59. g4 Be4 60.
Nh8 b4 61. cxb4 cxb4 62. axb4 a3 0-1

[Event "34th Leon Blitz Open 2021"]
[Site "chess.com INT"]
[Date "2021.07.07"]
[Round "9"]
[White "Necula, Iulian"]
[Black "Wiwatanadate, Poompong"]
[Result "0-1"]
[BlackTitle "FM"]
[WhiteElo "1890"]
[BlackElo "2043"]
[WhiteFideId "1232380"]
[BlackFideId "6201083"]
[EventDate "2021.07.07"]

1. c4 e6 2. Nc3 d5 3. cxd5 exd5 4. d4 Nf6 5. Nf3 c6 6. g3 Be7 7. Bg2 O-O 8. O-O
Bf5 9. Qb3 Qc8 10. Bf4 Re8 11. Be5 Nbd7 12. Rac1 Nb6 13. a4 Nfd7 14. a5 Nc4 15.
Qa2 Ndxe5 16. Nxe5 Nxe5 17. dxe5 Qe6 18. f4 Bc5+ 19. Kh1 Be3 20. Ra1 Bh3 21. Rf3
Bc5 22. Na4 Bxg2+ 23. Kxg2 Be7 24. Rc1 h5 25. Nc5 Qg4 26. h3 Qg6 27. b4 h4 28.
g4 f5 29. exf6 Bxf6 30. f5 Qg5 31. Qc2 Be5 32. Ne6 Qe7 33. Qc5 Bd6 34. Qc2 Bxb4
35. a6 bxa6 36. Qa4 c5 37. Qxa6 c4 38. Rd1 Qd7 39. Qxc4 dxc4 40. Rxd7 Re7 41.
Rxe7 Bxe7 42. Rc3 Rc8 43. e4 Bf6 44. Rc2 a5 45. Kf3 a4 46. g5 Be5 47. Ke3 a3 48.
Nd4 Rd8 49. Nb5 Rd3+ 50. Ke2 Rb3 51. Rxc4 Rxb5 52. Ra4 Rb2+ 53. Kd3 a2 54. Kc4
Rc2+ 55. Kd5 a1=Q 56. Rxa1 Bxa1 57. e5 Re2 58. e6 Kf8 59. Kd6 Ke8 0-1

[Event "34th Leon Blitz Open 2021"]
[Site "chess.com INT"]
[Date "2021.07.07"]
[Round "9"]
[White "Roman, Rodrigo"]
[Black "Khanin, Semen"]
[Result "0-1"]
[WhiteTitle "CM"]
[BlackTitle "IM"]
[WhiteElo "2071"]
[BlackElo "2517"]
[WhiteFideId "3701220"]
[BlackFideId "4111990"]
[EventDate "2021.07.07"]

1. c4 e5 2. Nc3 Nf6 3. Nf3 Nc6 4. e3 g6 5. b3 Bg7 6. Bb2 O-O 7. d4 exd4 8. Nxd4
Re8 9. Nxc6 bxc6 10. Be2 d5 11. cxd5 cxd5 12. O-O Bb7 13. Rc1 Ne4 14. Bf3 Ng5
15. Na4 Bxb2 16. Nxb2 Qf6 17. Na4 Nxf3+ 18. Qxf3 Qxf3 19. gxf3 d4 20. e4 Re7 21.
Rfd1 Rd8 22. Rc4 f5 23. Nc5 Bc6 24. Rcxd4 Rxd4 25. Rxd4 a5 26. a3 Kg7 27. b4
axb4 28. axb4 Kf6 29. Rc4 Bb5 30. Rc3 c6 31. Re3 f4 32. Re1 Ra7 33. h4 Ra2 34.
e5+ Ke7 35. Re4 Re2 36. Rxf4 Rxe5 37. Re4 Kd6 38. Rd4+ Rd5 39. Ne4+ Ke5 40.
Rxd5+ cxd5 41. Nc3 Bc4 42. Nd1 d4 43. Kg2 Kf4 44. Nb2 Bb5 45. Nd1 Be2 46. Nb2
Bxf3+ 47. Kf1 Ke4 48. Ke1 Kf5 49. Kd2 g5 50. hxg5 Kxg5 51. Kd3 h5 52. Kxd4 h4
53. Ke3 Kg4 54. Nd3 Bb7 55. f3+ Kg3 56. Nf4 Bxf3 57. b5 Kg4 58. b6 Bb7 59. Ne2
h3 60. Kf2 h2 61. Ng3 Kh3 62. Nh1 Bxh1 0-1

[Event "34th Leon Blitz Open 2021"]
[Site "chess.com INT"]
[Date "2021.07.07"]
[Round "9"]
[White "Lobanov, Sergei"]
[Black "Harshavardhan, G B"]
[Result "1-0"]
[WhiteTitle "IM"]
[BlackTitle "IM"]
[WhiteElo "2514"]
[BlackElo "2397"]
[WhiteFideId "24183750"]
[BlackFideId "25059009"]
[EventDate "2021.07.07"]

1. e4 e5 2. Nf3 Nc6 3. Bb5 a6 4. Ba4 d6 5. O-O Bg4 6. h3 h5 7. Bxc6+ bxc6 8. d4
Bxf3 9. Qxf3 exd4 10. e5 d5 11. Re1 Ne7 12. Nd2 Qd7 13. Nb3 Qf5 14. Qe2 c5 15.
Nxc5 Nc6 16. Nb3 Be7 17. Bd2 O-O 18. Qd3 Qxd3 19. cxd3 a5 20. Rac1 Ra6 21. Nc5
Bxc5 22. Rxc5 Nb4 23. Bxb4 axb4 24. Rxd5 Rxa2 25. Re2 Ra1+ 26. Kh2 c5 27. Rxc5
Rd1 28. Rc4 Rxd3 29. Rxb4 Rd1 30. Rb6 Rc8 31. Rd6 Kf8 32. Kg3 Rc4 33. f4 Rb4 34.
Kh4 d3 35. Rf2 d2 36. Kg5 Ke7 37. Rfxd2 f6+ 38. exf6+ gxf6+ 39. Kf5 Rb5+ 40. Kg6
Rxd2 41. Rxd2 h4 42. Re2+ Kf8 43. Kxf6 Rb4 44. Kg5 Kf7 45. Rf2 Rb5+ 46. Kxh4 Kf6
47. Kg4 Rb4 48. h4 Kg6 49. g3 Kf6 50. Rc2 Rb6 51. h5 Kg7 52. Kg5 Rb7 53. f5 Kh7
54. g4 Rg7+ 55. Kf4 Ra7 56. f6 Ra5 57. b4 Rb5 58. Rc7+ Kh6 59. Rc4 Rd5 60. Re4
Rb5 61. g5+ Kxh5 62. f7 Rb8 63. Re8 Rxb4+ 64. Ke3 Rb3+ 65. Kd2 Rb2+ 66. Kc3 Rf2
67. f8=Q Rg2 68. Qf3+ Kg6 69. Rg8+ Kh7 70. Qf7# 1-0

[Event "34th Leon Blitz Open 2021"]
[Site "chess.com INT"]
[Date "2021.07.07"]
[Round "9"]
[White "Gabriel, Robert"]
[Black "Bures, Vit"]
[Result "0-1"]
[WhiteTitle "FM"]
[BlackTitle "CM"]
[WhiteElo "2236"]
[BlackElo "2144"]
[WhiteFideId "4606477"]
[BlackFideId "309052"]
[EventDate "2021.07.07"]

1. e4 e5 2. Nf3 Nc6 3. c3 d5 4. Qa4 f6 5. d3 Ne7 6. Be2 Bd7 7. Qc2 a5 8. a4 dxe4
9. dxe4 Ng6 10. O-O Bc5 11. h3 Qe7 12. Na3 O-O 13. Nb5 Be6 14. Be3 Bxe3 15. fxe3
Rac8 16. Rfe1 Qc5 17. Bf1 Na7 18. Nxa7 Qxa7 19. Kh2 Rcd8 20. c4 Qc5 21. Qc3 Rd6
22. Rad1 Rfd8 23. Rxd6 Rxd6 24. b3 b6 25. Bd3 Ne7 26. Bb1 Nc6 27. Nh4 Qb4 28.
Qxb4 Nxb4 29. Nf5 Bxf5 30. exf5 Rd2 31. Be4 Kf8 32. Kg3 Ke7 33. Rb1 Kd6 34. Kf3
Kc5 35. g4 Na2 36. Bd5 Nc3 37. Rg1 h6 38. Be6 Rb2 39. h4 Rxb3 40. g5 hxg5 41.
hxg5 Nxa4 42. gxf6 gxf6 43. Rg7 c6 44. Rc7 Nb2 45. Rc8 a4 46. Bd7 a3 47. Rxc6+
Kb4 48. Rxb6+ Kc3 49. Ra6 Nxc4 50. Be6 Kb4 51. Bxc4 Kxc4 52. Ke4 Kb4 53. Kd5
Rxe3 54. Ke6 e4 55. Kxf6 Rf3 56. Ke5 e3 57. Rb6+ Kc3 58. Rb1 a2 59. Re1 Kb2 60.
Re2+ Kb3 61. Re1 e2 62. f6 Rf1 63. f7 Rxf7 64. Kd4 Rf1 65. Rxe2 a1=Q+ 66. Kd3
Rf3+ 67. Re3 Qc3+ 68. Ke2 Qxe3+ 69. Kd1 Rf1# 0-1

[Event "34th Leon Blitz Open 2021"]
[Site "chess.com INT"]
[Date "2021.07.07"]
[Round "9"]
[White "Onischuk, Vladimir"]
[Black "Ibarra Jerez, Jose Carlos"]
[Result "1/2-1/2"]
[WhiteTitle "GM"]
[BlackTitle "GM"]
[WhiteElo "2622"]
[BlackElo "2558"]
[WhiteFideId "14114038"]
[BlackFideId "2226332"]
[EventDate "2021.07.07"]

1. Nf3 Nf6 2. g3 g6 3. Bg2 Bg7 4. O-O O-O 5. d3 d5 6. Nbd2 c5 7. e4 Nc6 8. Re1
e6 9. Qe2 b6 10. Nf1 e5 11. Bg5 Be6 12. Ne3 dxe4 13. dxe4 Nd4 14. Nxd4 cxd4 15.
Nd5 Bxd5 16. exd5 h6 17. Bxf6 Qxf6 18. c3 dxc3 19. bxc3 Rac8 20. Qa6 Rxc3 21.
Qxa7 Rc2 22. Rf1 Rd8 23. Rac1 Rdc8 24. Rcd1 Bf8 25. d6 Bxd6 26. Qxb6 Be7 27.
Qxf6 Bxf6 28. Bd5 Be7 29. Bb3 Rb2 30. Rd7 Kf8 31. Re1 Rc5 32. Re4 Rb1+ 33. Kg2
Rbc1 34. Ra4 Rc7 35. Ra8+ Kg7 36. Ra7 Rxd7 37. Rxd7 Kf8 38. Rd5 e4 39. Re5 f5
40. Re6 g5 41. Rxh6 f4 42. gxf4 gxf4 43. Re6 f3+ 44. Kg3 Re1 45. Bd5 Rg1+ 46.
Kf4 Bc5 47. Rxe4 Rg2 48. h4 Bxf2 49. Kxf3 Rh2 50. a4 Bxh4 51. a5 Rh3+ 52. Kg4
Ra3 53. Kxh4 Rxa5 54. Re5 Ra7 55. Kg5 Re7 56. Be6 Kg7 57. Re2 Kf8 58. Kf5 Rg7
59. Ra2 Ke7 60. Ra8 Kd6 61. Kf6 Rg2 62. Rd8+ Kc5 63. Bf5 Rb2 64. Ke5 Re2+ 65.
Be4 Rb2 66. Rc8+ Kb4 67. Kd4 Rd2+ 68. Bd3 Rb2 69. Rc7 Kb3 70. Rc1 Kb4 71. Ra1
Kb3 72. Rd1 Kb4 73. Bc4 Ka3 74. Kc5 Rh2 75. Rb1 Rc2 76. Rb8 Rc3 77. Kd4 Rc2 78.
Kd3 Rb2 79. Ra8+ Kb4 80. Rc8 Ka3 81. Kc3 Rb3+ 82. Kd4 Rb2 83. Kc5 Rh2 84. Ra8+
Kb2 85. Ra2+ Kc3 86. Ra3+ Kb2 87. Kb4 Rd2 88. Rc3 Rh2 89. Rd3 Kc2 90. Rd4 Rd2
91. Bb3+ Kc1 92. Rh4 Kb2 93. Bc4 Kc2 94. Rh3 Kb2 95. Ra3 Kc2 96. Ra2+ Kc1 97.
Ra8 Kb2 98. Kc5 Kc3 99. Rb8 Kc2 100. Bd5 Kc3 101. Be4 Rb2 102. Rh8 Rd2 103. Rh3+
Kb2 1/2-1/2